Métro parisien : Stations de la ligne 5 - Statistiques

Statistiques générales
  • Ce quiz a été pris 298 fois
  • Le résultat moyen est 17 sur 22
Statistiques - réponses
Station Correspondances % Correct
Gare du Nord
96%
Place d'Italie
95%
Gare de l'Est
94%
République
91%
Stalingrad
91%
Gare d'Austerlitz
88%
Bastille
87%
Bobigny - Pablo Picasso
86%
Jaurès
84%
Oberkampf
81%
Porte de Pantin
77%
Quai de la Rapée
77%
Ourcq
74%
Laumière
69%
Campo-Formio
68%
Église de Pantin
67%
Hoche
64%
Saint-Marcel
62%
Jacques Bonsergent
61%
Bobigny - Pantin - Raymond Queneau
60%
Richard-Lenoir
59%
Bréguet - Sabin
53%
Aucun quiz correspondant
Distribution des résultats
% des personnes avec chaque résultat
Percentile par nombre de réponses
Votre historique - résultats
Vous n’avez pas pris ce quiz